000 00750nam a2200253Ia 4500
003 OSt
005 20220928124326.0
006 a|||||r|||| 00| 0
007 ta
008 220927b |||||||| |||| 00| 0 eng d
020 _c10315.0605
024 _a119435
037 _b097, 04/09/2013, N.R.Book Distributors
_cTextual
040 _aSDCL
_cSDCL
_beng
041 _2eng
_aeng
082 _aI9M:(L:4:56), Q3
100 _aSessa Guido Ed.
_9464389
245 0 _aMolecular plant immunity.
260 _aChichester
_bWiley
_c2013
300 _axv;283p
_ccm.
650 _aPlant Molecular Biology
942 _hI9M:(L:4:56), Q3
_cTEXL
_2CC
999 _c777304
_d777304